00513nam a22001697a 450000500170000001000150001702000260003203500130005803700130007108200120008424500650009626000460016127000660020730000250027350000190029870000260031720161019120155.0 aENG-116222 a9780199451838c995.00 aEN-99754 bDBAD/PUB a320.954 aIndia :cedited by Samir kumar Dasbdemocracy and violence / aNew Delhi bOxford University Pressc2015 aYMCA Library Building, 1 Jai Singh Road, bNew Delhi e110001 aviii,258p.c22cm(Hb) aIncludes index a Das Samir Kumareed.